000 00962nam a22002770a 4500
001 PT15537
003 AR-LpoUNG
005 20210131232646.0
008 191001s1990||||sp |||||||||||||||||spa d
020 _a8437611458
_c$14.66
040 _aAR-LpoUNG
_bspa
_cAR-LpoUNG
_eaacr
041 _aspa
044 _asp
082 0 _a410 271for
100 1 _aLang, Mervin F.
245 1 0 _aFormación de palabras en español :
_bmorfología derivativa productiva en el léxico moderno
250 _a3ra. ed.
260 _aMadrid :
_bCátedra,
_c1990.
300 _a323 p. :
_bgráfs., mapas
520 _aEstudio sobre la formación de palabras en español en un período de dinámica evolución y creatividd léxicas. Aunque el contexto de la obra está referido al español peninsular, también hace referencia al español de América.
653 _aLENGUA
653 _aLEXICO
700 1 _aMiranda Poza, Alberto
_etr.
905 _a15537
942 _cLIB
999 _c16783
_d16783